000 00433nam a2200133Ia 4500
008 170516s9999 xx 000 0 und d
245 _aFacile Synthesis and Potential Bioimaging Applications of Hybrid Upconverting and Plasmonic NaGdF4: Yb3+, Er3+/Silica/Gold Nanoparticles
260 _bTheranostics
260 _c2013
300 _a3:4
650 _xMedical Technology
650 _xMedtech
856 _uhttp://www.thno.org/v3i4
999 _c330260
_d330260